| 000 | 00573nam a2200181 a 4500 | ||
|---|---|---|---|
| 001 | 000004774 | ||
| 005 | 20200929151512.0 | ||
| 008 | 090727s1977 sp r 000 0 spa d | ||
| 040 |
_aDO-SdBNP _bspa _cBNPHU |
||
| 082 |
_axxxx _bA696v |
||
| 100 | 1 |
_aArias, Gonzalo _913877 |
|
| 245 | 1 | 3 |
_aLa no violencia : _b¿tentación o reto? / _cGonzalo Arias. |
| 260 |
_aSalamanca, España : _bEdiciones Sigueme, _c1977. |
||
| 300 |
_a239 p. ; _c18 cm. |
||
| 490 | 0 |
_aPedal _v73 |
|
| 504 | _aIncluye referencias bibliográficas y notas al pie de las páginas | ||
| 830 | 4 |
_aPedal _n73 _913878 |
|
| 999 |
_c4580 _d4580 |
||